Metoda GUHA automatická tvorba hypotéz

Enregistré dans:
Détails bibliographiques
Auteur principal: Hájek, Petr
Autres auteurs: Havránek, Tomáš, Chytil, Metoděj K.
Format: Livre
Langue:tchèque
Publié: Praha Academia 1983
Tags: Ajouter un tag
Pas de tags, Soyez le premier à ajouter un tag!

MARC

LEADER 00000nam a2200000 4500
001 c134917
005 20041019155302.7
041 0 |a cze 
044 |a CZ 
245 1 0 |a Metoda GUHA  |b automatická tvorba hypotéz  |c Petr Hájek, Tomáš Havránek, Metoděj K. Chytil 
264 1 |a Praha  |b Academia  |c 1983 
300 |a 314 s. 
100 1 |a Hájek, Petr 
700 1 |a Havránek, Tomáš 
700 1 |a Chytil, Metoděj K.